Jede Länderform der Welt - Statistiken

Allgemein
  • Dieses Quiz wurde 96 mal gespielt
  • Das Durchschnittsergebnis liegt bei 77 aus 196
Antwortstatistiken
Bildquiz Antwort % Korrekt
Vereinigte Staaten
100%
Italien
97%
Norwegen
97%
Chile
95%
Frankreich
94%
Japan
94%
Kanada
94%
Vereinigtes Königreich
92%
Australien
90%
China
89%
Griechenland
89%
Island
89%
Deutschland
87%
Indien
87%
Indonesien
87%
Kroatien
85%
Russland
84%
Vietnam
84%
Thailand
82%
Dänemark
77%
Kuba
77%
Mexiko
77%
Österreich
77%
Philippinen
77%
Türkei
77%
Zypern
73%
Neuseeland
71%
Portugal
71%
Spanien
71%
Laos
69%
Schweiz
68%
Somalia
68%
Myanmar
66%
Israel
65%
Marokko
65%
Senegal
65%
Ukraine
65%
Argentinien
63%
Schweden
61%
Südafrika
61%
Brasilien
60%
Pakistan
60%
Gambia
58%
Bangladesch
56%
Nepal
56%
Niederlande
55%
Finnland
53%
Kasachstan
53%
Mali
53%
Panama
53%
Ägypten
52%
Malaysia
52%
Namibia
52%
Haiti
50%
Benin
48%
Eritrea
48%
Iran
48%
Irland
48%
Malediven
48%
Papua-Neuguinea
48%
Peru
48%
Usbekistan
48%
Mosambik
47%
Serbien
47%
Taiwan
47%
Estland
45%
Südkorea
45%
Tschechien
45%
Venezuela
45%
Demokratische Republik Kongo
44%
Kamerun
44%
Kosovo
44%
Mauretanien
44%
Mongolei
44%
Nordkorea
44%
Vereinigte Arabische Emirate
44%
Afghanistan
42%
Jamaika
40%
Malta
40%
Moldawien
40%
Rumänien
40%
Slowakei
40%
Tadschikistan
40%
Aserbaidschan
37%
Elfenbeinküste
37%
Madagaskar
37%
Polen
37%
Sambia
37%
Ungarn
37%
Bosnien und Herzegowina
35%
Guinea
35%
Jordanien
35%
Kirgisistan
35%
Kolumbien
35%
Libyen
35%
Sudan
35%
Tschad
35%
Algerien
34%
Angola
34%
Costa Rica
34%
Ecuador
34%
Sri Lanka
34%
Turkmenistan
34%
Albanien
32%
Bahamas
32%
Belarus
32%
Belgien
32%
Malawi
32%
Togo
32%
Äthiopien
31%
Bulgarien
31%
Irak
31%
Oman
31%
Montenegro
29%
Niger
29%
Saudi-Arabien
29%
Ghana
27%
Jemen
27%
Lettland
27%
Monaco
27%
Republik Kongo
27%
Vatikanstadt
27%
Gabun
26%
Kap Verde
26%
Kuwait
26%
Nicaragua
26%
Singapur
26%
Slowenien
26%
Syrien
26%
Äquatorial-Guinea
24%
Burkina Faso
24%
Guyana
24%
Osttimor
24%
Paraguay
24%
Liberia
23%
Luxemburg
23%
Trinidad und Tobago
23%
Tunesien
23%
Zentralafrikanische Republik
23%
Brunei
21%
Liechtenstein
21%
Litauen
21%
Tansania
21%
Armenien
19%
Belize
19%
Salomonen
19%
Bahrain
18%
Dschibuti
18%
Föderierte Staaten von Mikronesien
18%
Georgien
18%
Guatemala
18%
Honduras
18%
Katar
18%
Nordmazedonien
18%
São Tomé und Príncipe
18%
Simbabwe
18%
St. Kitts und Nevis
18%
Guinea-Bissau
16%
Kambodscha
16%
Libanon
16%
Nauru
16%
Nigeria
16%
Bolivien
15%
El Salvador
15%
Kenia
15%
Kiribati
15%
Komoren
15%
Seychellen
15%
Südsudan
15%
Antigua und Barbuda
13%
Fidschi
13%
Samoa
13%
Vanuatu
13%
Burundi
11%
San Marino
11%
St. Lucia
11%
St. Vincent und die Grenadinen
11%
Andorra
10%
Barbados
10%
Botswana
10%
Dominica
10%
Dominikanische Republik
10%
Eswatini
10%
Grenada
10%
Marshallinseln
10%
Tonga
10%
Uganda
10%
Bhutan
8%
Mauritius
8%
Suriname
8%
Tuvalu
8%
Uruguay
8%
Palau
6%
Ruanda
6%
Sierra Leone
6%
Lesotho
5%
Keine übereinstimmenden Quizze gefunden
Verteilung der Resultate
Anzahl Personen mit jedem Resultat
Perzentil nach korrekt beantworteten Fragen
Ihre Resultats-Entwicklung
Sie haben dieses Quiz noch nicht gespielt